Viem, kde patrím Klub Slovenky so sólistkou opery SND Elenou Holičkovou

Podrobná bibliografia
Ďalší autori: Truhlářová, Agneša (Tazateľ)
Médium: Článok
Jazyk:slovenčina
Predmet:

MARC

LEADER 00000nab a2200000 a 4500
001 vtls000272587
003 SK-MaSNL
005 20260304215541.0
008 160215c1987 xo 0 slo
015 |a SNBRB19rr/mm-uuuuu 
035 |a CL0282701 
040 |a SNKBUCL  |b slo  |c SNKBUCL  |e AACR2 
041 0 |a slo 
044 |a xo  |c SK 
080 |a 78.071.2:792.5  |2 1981 
080 |a 792.5  |2 1981 
080 |a 929 Holičková, Elena  |2 1981 
100 1 |a Truhlářová, Agneša  |4 ivr  |9 921155 
245 1 0 |a Viem, kde patrím  |b Klub Slovenky so sólistkou opery SND Elenou Holičkovou  |c Elena Holičková, Agneša Truhlářová 
600 1 7 |a Holičková, Elena,  |d 1950-  |2 snkbucl  |9 192672 
655 7 |a články z novín a časopisov  |2 snkbucl  |9 267496 
700 1 |a Holičková, Elena,  |d 1950-  |4 ive  |9 192672 
773 0 |t Slovenka  |g Roč. 39, č. 12 (1987), s. 32 
850 |a Slovenská národná knižnica v Martine  |a MTA001 
852 |a SNK  |b KIS3GCP 
958 |a BX 
958 |a RK 
992 |a RBX 
999 |c 3146934  |d 3148864